|
|
|
|
| LEADER |
00000nab a2200000 ar4500 |
| 001 |
vtls008956040 |
| 003 |
SK-MaSNL |
| 005 |
20260303070355.0 |
| 008 |
070316c2007 xo mr|p|||||||000 b|slo |
| 015 |
|
|
|a SNBRB2007/03
|2 snkbucl
|
| 038 |
|
|
|a SNKBUCL
|
| 040 |
|
|
|a SNKBUCL
|b slo
|c SNKBUCL
|e AACR2
|
| 041 |
0 |
|
|a slo
|
| 044 |
|
|
|a xo
|c SK
|
| 080 |
|
|
|a 316.346.2
|2 1997
|
| 080 |
|
|
|a 159.922.1
|2 1997
|
| 080 |
|
|
|a 57-055.1
|2 1997
|
| 080 |
|
|
|a 57-055.2
|2 1997
|
| 080 |
|
|
|a 396
|2 1997
|
| 100 |
1 |
|
|a Ostatníková, Daniela,
|d 1957-
|4 aut
|9 197021
|
| 245 |
1 |
0 |
|a Chemický koktail rodovej nerovnosti
|c Daniela Ostatníková
|
| 600 |
1 |
7 |
|a Karsten, Helmut
|t Ženy - muži : genderové role, jejich původ a vývoj
|2 snkbucl
|9 1067714
|
| 650 |
0 |
7 |
|a muži a ženy
|x rodové rozdiely
|x biologické a psychologické aspekty
|2 snkbucl
|9 1067715
|
| 650 |
0 |
7 |
|a muži a ženy
|x rodové vzťahy
|2 snkbucl
|9 1067716
|
| 740 |
0 |
2 |
|a Genderové role, jejich původ a vývoj
|
| 773 |
0 |
|
|t Knihy a spoločnosť
|g Štvrtý ročník, č. 1 (2007), s. 7
|x 1336-5584
|
| 852 |
|
|
|a SNK
|b KIS3GCP
|
| 999 |
|
|
|c 1755080
|d 1757010
|